<?xml version="1.0" encoding="UTF-8"?>
<collection xmlns="http://www.loc.gov/MARC21/slim">
 <record>
  <leader>00931pam a22002298a 4500</leader>
  <controlfield tag="001">00043599</controlfield>
  <controlfield tag="005">20190222080236.0</controlfield>
  <controlfield tag="008">111013s2008                  ||||||Viesd</controlfield>
  <datafield tag="020" ind1="#" ind2="#">
   <subfield code="c">0</subfield>
  </datafield>
  <datafield tag="041" ind1="0" ind2="#">
   <subfield code="a">Vie</subfield>
  </datafield>
  <datafield tag="082" ind1="1" ind2="#">
   <subfield code="a">511</subfield>
   <subfield code="b">T406R</subfield>
  </datafield>
  <datafield tag="100" ind1="0" ind2="#">
   <subfield code="a">Nguyễn, Hữu Anh</subfield>
  </datafield>
  <datafield tag="245" ind1="0" ind2="0">
   <subfield code="a">Toán rời rạc</subfield>
   <subfield code="c">Nguyễn Hữu Anh</subfield>
  </datafield>
  <datafield tag="260" ind1="#" ind2="#">
   <subfield code="a">Hà Nội</subfield>
   <subfield code="b">Lao động xã hội</subfield>
   <subfield code="c">2005</subfield>
  </datafield>
  <datafield tag="300" ind1="#" ind2="#">
   <subfield code="a">202 tr.</subfield>
   <subfield code="c">21 cm.</subfield>
  </datafield>
  <datafield tag="653" ind1="#" ind2="#">
   <subfield code="a">Giải tích</subfield>
  </datafield>
  <datafield tag="653" ind1="#" ind2="#">
   <subfield code="a">Hình học</subfield>
  </datafield>
  <datafield tag="653" ind1="#" ind2="#">
   <subfield code="a">Toán cao cấp</subfield>
  </datafield>
  <datafield tag="653" ind1="#" ind2="#">
   <subfield code="a">rời rạc</subfield>
  </datafield>
  <datafield tag="852" ind1="#" ind2="#">
   <subfield code="j">KD.0024456</subfield>
   <subfield code="j">KGT.0056112</subfield>
   <subfield code="j">KGT.0056113</subfield>
   <subfield code="j">KGT.0056114</subfield>
   <subfield code="j">KGT.0056115</subfield>
   <subfield code="j">KGT.0056116</subfield>
   <subfield code="j">KGT.0056117</subfield>
   <subfield code="j">KGT.0056118</subfield>
   <subfield code="j">KGT.0056119</subfield>
   <subfield code="j">KGT.0056120</subfield>
   <subfield code="j">KGT.0056121</subfield>
   <subfield code="j">KGT.0056122</subfield>
   <subfield code="j">KGT.0056123</subfield>
   <subfield code="j">KGT.0056124</subfield>
   <subfield code="j">KGT.0056125</subfield>
   <subfield code="j">KGT.0056126</subfield>
   <subfield code="j">KGT.0056127</subfield>
   <subfield code="j">KGT.0056129</subfield>
   <subfield code="j">KGT.0056130</subfield>
   <subfield code="j">KGT.0056131</subfield>
   <subfield code="j">KGT.0056132</subfield>
  </datafield>
  <datafield tag="910" ind1="#" ind2="#">
   <subfield code="d">22/2/2019</subfield>
  </datafield>
  <datafield tag="980" ind1="#" ind2="#">
   <subfield code="a">Trung tâm Học liệu Lê Vũ Hùng, Trường Đại học Đồng Tháp</subfield>
  </datafield>
 </record>
</collection>
